Richard Strauss
Guardat en:
| Autor principal: | |
|---|---|
| Format: | Llibre |
| Idioma: | francès |
| Publicat: |
París
Du Seuil
1971
|
| Col·lecció: | Collection Microcosme Solfèges, 31
|
| Matèries: | |
| Etiquetes: |
Afegir etiqueta
Sense etiquetes, Sigues el primer a etiquetar aquest registre!
|
MARC
| LEADER | 00000nam a2200000 a 4500 | ||
|---|---|---|---|
| 001 | UCN2240 | ||
| 003 | CL-VaPUC | ||
| 008 | 010511e19710000FR |||||||||||||||||fre|d | ||
| 082 | 0 | 4 | |a 780.92 |b JAM |2 21 |
| 100 | |a Jameux, Dominique |e author |9 458015 | ||
| 245 | 1 | 0 | |a Richard Strauss |
| 300 | |a 185 p | ||
| 942 | |c BK | ||
| 945 | |d 20010511 00:00:00 |a crobeson | ||
| 260 | |a París |b Du Seuil |c 1971 | ||
| 600 | 0 | |a Strauss, Richard |9 306383 | |
| 650 | 0 | |a Compositores alemanes |9 324765 | |
| 650 | 0 | |a Directores de música |9 306511 | |
| 583 | |a last modification |c 20010511 00:00:00 |k Rodrigo Vera | ||
| 490 | 0 | |a Collection Microcosme Solfèges, 31 | |
| 999 | |c 295398 |d 295396 | ||
| 952 | |0 0 |1 0 |4 0 |6 780_920000000000000_JAM_1971 |7 0 |8 A |9 348401 |a BIBEDU |b BIBEDU |d 2019-11-20 |i 118265K |o 780.92 JAM 1971 |p 118265K |r 2023-01-12 |w 2019-11-20 |y BK |k MUS | ||